EG data (Record no. 78434)
[ view plain ]
| 000 -LEADER | |
|---|---|
| fixed length control field | 01115cab a2200205 4500 |
| 001 - CONTROL NUMBER | |
| control field | L136772 |
| 008 - FIXED-LENGTH DATA ELEMENTS--GENERAL INFORMATION | |
| fixed length control field | 070223n2007 000 0 eng u |
| 035 ## - SYSTEM CONTROL NUMBER | |
| System control number | (Sirsi) u136772 |
| 041 0# - LANGUAGE CODE | |
| Language code of text/sound track or separate title | eng |
| 110 2# - MAIN ENTRY--CORPORATE NAME | |
| Corporate name or jurisdiction name as entry element | Investment Property Forum |
| 9 (RLIN) | 2112 |
| 245 00 - TITLE STATEMENT | |
| Title | EG data |
| Remainder of title | IPF forecast survey: January |
| 260 ## - PUBLICATION, DISTRIBUTION, ETC. | |
| Date of publication, distribution, etc. | 2007 |
| 490 00 - SERIES STATEMENT | |
| Series statement | Estates Gazette |
| Volume/sequential designation | (0707) 17 February 2007, 52-53(2) |
| 520 ## - SUMMARY, ETC. | |
| Summary, etc. | Total return forecasts for 2007 continue to rise while remaining significantly below 2006 levels. Although long-term views remain bearish, at 6.2% the consensus forecast total return for 2007/11 still offers investors a real rate of return, compared to interest rate forecasts. According to the forecasters, 2008 will see the sectors converge after a period of dominance for offices. Despite the high levels of capital still pouring into property, the consensus forecast is that this inflow will slow down as returns shrink. |
| 590 ## - LOCAL NOTE (RLIN) | |
| Local note | KA |
| 650 24 - SUBJECT ADDED ENTRY--TOPICAL TERM | |
| Topical term or geographic name entry element | IPF CONSENSUS FORECAST SURVEY |
| 651 #4 - SUBJECT ADDED ENTRY--GEOGRAPHIC NAME | |
| Geographic name | United Kingdom |
| Chronological subdivision | |
| 690 ## - LOCAL SUBJECT ADDED ENTRY--TOPICAL TERM (OCLC, RLIN) | |
| Topical term or geographic name as entry element | PROPERTY-COMMERCIAL PROPERTY-COMMERCIAL PROPERTY FINANCE AND INVESTMENT |
| 942 ## - ADDED ENTRY ELEMENTS (KOHA) | |
| Suppress in OPAC | 0 |
| Withdrawn status | Lost status | Source of classification or shelving scheme | Damaged status | Not for loan | Home library | Current library | Shelving location | Date acquired | Total Checkouts | Full call number | Barcode | Date last seen | Copy number | Price effective from | Koha item type |
|---|---|---|---|---|---|---|---|---|---|---|---|---|---|---|---|
| Dewey Decimal Classification | London | London | Journal article | 23/02/2007 | L136772 | 136772-1001 | 06/08/2019 | 1 | 06/08/2019 | Journal article |